000 01697nam a22002657a 4500
999 _c60275
_d60275
003 Ge_BSU
005 20230627141227.0
008 230623b xxu||||| |||| 00| 0 geo d
020 _a9789941134081
041 _ageo
080 _a821.353.1'01.09 პ-38
245 _aპირველი ლექცია :
_b[საჯარო ლექციათა კრებული] /
_cშემდგ. და რედ. ზურაბ გაიპარაშვილი; სარედ. ჯგუფი: დიანა გელაშვილი [და სხვ.].
264 _aთბილისი :
_bთბილ. უნ-ტის გამ-ბა,
_c2015.
300 _a84 გვ. :
_bფოტ. ;
_c24 სმ.
500 _aსატიტულო გვერდზე არ არის მითითებული ავტორი
653 _aძველი ქართული ლიტერატურა
653 _aადამიანი ქართულ ლიტერატურაში
653 _aადამიანის ფილოსოფიური საკითხები
700 _aგაიპარაშვილი, ზურაბ
_eშემდგენელი, რედაქტორი
_98311
700 _aგელაშვილი, დიანა
_eრედაქტორი
_918936
700 _aნუცუბიძე, მაკა
_eრედაქტორი
_918937
700 _aლილუაშვილი, მანანა
_eრედაქტორი
_918938
700 _aგოგიჩაიშვილი, მეკა
_eრედაქტორი
_918939
942 _2udc
_cBK